| 000 | 00663nam a2200241Ia 4500 | ||
|---|---|---|---|
| 003 | OSt | ||
| 005 | 20221005065909.0 | ||
| 006 | a|||||r|||| 00| 0 | ||
| 007 | ta | ||
| 008 | 221004b |||||||| |||| 00| 0 mar d | ||
| 024 | _a46673 | ||
| 037 | _cTextual | ||
| 040 |
_aCRL _cCRL _bmar |
||
| 041 |
_2mar _amar |
||
| 082 | _aQ221:4, 155H9 | ||
| 100 |
_aKosambhi Dharmanand Au. _9605115 |
||
| 245 | 0 | _aPasharvnathacha chatuyadrmdharm | |
| 260 |
_aMumbai _bDharamanand Samarak Trust India _c1949 |
||
| 300 |
_a99p. _ccm. |
||
| 650 | _aRELIGION | ||
| 942 |
_hQ221:4, 155H9 _cTEXL _2cc |
||
| 999 |
_c975396 _d975396 |
||